Merintis Jejak-jejak Usahawan / (Record no. 134710)

MARC details
000 -LEADER
fixed length control field 00878nam a2200277 i 4500
001 - CONTROL NUMBER
control field C2-0336994
003 - CONTROL NUMBER IDENTIFIER
control field PPAK
005 - DATE AND TIME OF LATEST TRANSACTION
control field 20201116143322.0
008 - FIXED-LENGTH DATA ELEMENTS--GENERAL INFORMATION
fixed length control field 160717s2016 my a|||| ||||| | may d
020 ## - INTERNATIONAL STANDARD BOOK NUMBER
International Standard Book Number 9789673820863
Qualifying information paperback
040 ## - CATALOGING SOURCE
Original cataloging agency PPAK
Language of cataloging eng
Transcribing agency PPAK
Description conventions rda
082 04 - DEWEY DECIMAL CLASSIFICATION NUMBER
Classification number 338.04
Edition number 23
090 00 - LOCALLY ASSIGNED LC-TYPE CALL NUMBER (OCLC); LOCAL CALL NUMBER (RLIN)
Classification number (OCLC) (R) ; Classification number, CALL (RLIN) (NR) 338.04
Feature heading AHM
Feature heading K
100 0# - MAIN ENTRY--PERSONAL NAME
Personal name Ahmad Kamal Alias,
Relator term author
245 10 - TITLE STATEMENT
Title Merintis Jejak-jejak Usahawan /
Statement of responsibility, etc. AHMAD KAMAL ALIAS
264 #1 - PRODUCTION, PUBLICATION, DISTRIBUTION, MANUFACTURE, AND COPYRIGHT NOTICE
Place of production, publication, distribution, manufacture Kuala Lumpur :
Name of producer, publisher, distributor, manufacturer Brainmax Enterprise ,
Date of production, publication, distribution, manufacture, or copyright notice 2016
300 ## - PHYSICAL DESCRIPTION
Extent 48 pages :
Other physical details colour photographs ;
Dimensions 26 cm
336 ## - CONTENT TYPE
Source rdacontent
Content type term text
337 ## - MEDIA TYPE
Source rdamedia
Media type term unmediated
338 ## - CARRIER TYPE
Source rdacarrier
Carrier type term volume
490 1# - SERIES STATEMENT
Series statement Mencorak Gaya Hidup Cemerlang
650 10 - SUBJECT ADDED ENTRY--TOPICAL TERM
Topical term or geographic name entry element Entrepreneurship
Form subdivision Juvenile literature.
Topical term or geographic name entry element Quality of life
Form subdivision Juvenile literature.
830 #0 - SERIES ADDED ENTRY--UNIFORM TITLE
Uniform title Mencorak Gaya Hidup Cemerlang
942 ## - ADDED ENTRY ELEMENTS (KOHA)
Koha item type Book
Source of classification or shelving scheme Dewey Decimal Classification
Holdings
Withdrawn Not for loan Current library Shelving location Date acquired Total Checkouts Full call number Barcode Date last seen Date last checked out Koha item type
    Perpustakaan Alor Setar Pinjaman Kanak-kanak 18/07/2016 1 K 338.04 AHM A01481594 20/10/2018 13/10/2018 Book
    Perpustakaan Alor Setar Pinjaman Kanak-kanak 29/11/2020   K 338.04 AHM A00739706 29/11/2020   Book
    Perpustakaan Awam Sungai Petani Pinjaman Kanak-kanak 18/07/2016   K 338.04 AHM A01481595 09/05/2018   Book
    Perpustakaan Baling Pinjaman Kanak-kanak 18/07/2016   K 338.04 AHM A01481598 09/05/2018   Book
    Perpustakaan Jitra Pinjaman Kanak-kanak 18/07/2016   K 338.04 AHM A01481596 09/05/2018   Book
    Perpustakaan Kulim Pinjaman Kanak-kanak 18/07/2016   K 338.04 AHM A01481597 09/05/2018   Book
    Perpustakaan Langkawi Pinjaman Kanak-kanak 18/07/2016   K 338.04 AHM A01481600 09/05/2018   Book
    Perpustakaan Merbok Pinjaman Kanak-kanak 18/07/2016   K 338.04 AHM A01481599 09/05/2018   Book